000 00321 a2200121 4500
000 nam a22 7a 4500
005 20260120153536.0
020 _a9788197443800
100 _aGupta, Mangal Deep; Chauhan, Rajeev Kumar
_9940431
245 _a Keys and Symmetric Cryptography
260 _bTechSar
_c2024
942 _cTEXL
999 _c1532233
_d1532233